The child as social person /

Bibliographic Details
Main Author: Meadows, Sara
Format: Book
Language:English
Published: New York, NY : Routledge, 2010.
Subjects:

MARC

Tag First Indicator Second Indicator Subfields
LEADER 00000cam a2200000 a 4500
001 in00002575649
005 20151201120018.0
008 090713s2010 nyu 000 0 eng
010 |a  2009027233 
015 |a GBA990799  |2 bnb 
016 7 |a 015371084  |2 Uk 
020 |a 9780415451994 (hardback) 
020 |a 041545199X (hardback) 
020 |a 9780415452007 (pbk.) 
020 |a 0415452007 (pbk.) 
029 1 |a AU@  |b 000044476015 
029 1 |a CDX  |b 9938731 
029 1 |a CDX  |b 9938729 
029 1 |a AU@  |b 000045454005 
035 |a (OCoLC)ocn368024548 
035 |a (OCoLC)368024548 
040 |a DLC  |c DLC  |d YDX  |d YDXCP  |d UKM  |d BWX  |d CDX  |d UtOrBLW 
049 |a TXAM 
050 0 0 |a HQ783  |b .M377 2010 
082 0 0 |a 303.3/2083  |2 22 
100 1 |a Meadows, Sara. 
245 1 4 |a The child as social person /  |c Sara Meadows. 
264 1 |a New York, NY :  |b Routledge,  |c 2010. 
300 |a viii, 394 pages ;  |c 24 cm. 
336 |a text  |b txt  |2 rdacontent 
337 |a unmediated  |b n  |2 rdamedia 
338 |a volume  |b nc  |2 rdacarrier 
504 |a Includes bibliographical references and index. 
650 0 |a Socialization. 
650 0 |a Social skills in children. 
650 0 |a Social interaction in children. 
938 |a Blackwell Book Service  |b BBUS  |n R9832857  |c $90.00 
938 |a Coutts Information Services  |b COUT  |n 9938731 
938 |a YBP Library Services  |b YANK  |n 100527271 
945 |a PromptCat  |b 957978 
946 |a stk 
947 |a A14840280485 
994 |a 92  |b TXA 
948 |a Cataloged  |b h  |c 2010/4/22  |d c  |e ibarton 
999 |a MARS 
999 f f |s 9f51ebc6-3a5a-321a-978a-d21a0c33631b  |i e49646d2-9f4f-3045-bd8f-d30614b3ca33  |t 0 
952 f f |p normal  |a Texas A&M University  |b College Station  |c Sterling C. Evans Library  |d Evans: Library Stacks  |t 0  |e HQ783 .M377 2010  |h Library of Congress classification  |i unmediated -- volume  |m A14840280485 
998 f f |a HQ783 .M377 2010  |t 0  |l Evans: Library Stacks